[Event "Karlsruhe Grenke op"]
[Site "Karlsruhe"]
[Date "2024.03.30"]
[Round "5"]
[White "Heberla, Bartlomiej"]
[Black "Zeller, Frank"]
[Result "0-1"]
[WhiteElo "2557"]
[BlackElo "2340"]
[PlyCount "90"]
[EventDate "2024.03.28"]
[EventType "swiss"]
[EventRounds "9"]
[EventCountry "GER"]
[SourceTitle "CB14_2024"]
[SourceDate "2024.04.01"]
[SourceVersion "1"]
[SourceVersionDate "2024.04.01"]
[SourceQuality "1"]

1. d4 Nf6 2. c4 e6 3. Nc3 Bb4 4. e3 0-0 5. Bd2 b6 6. Bd3 Bb7 7. Nf3 c5 8. a3 Bxc3 9. Bxc3 Ne4 10. Bxe4 Bxe4 11. dxc5 bxc5 12. Qd6 Nc6 13. Nd2 Bg6 14. Qxc5 Qc7 15. Qg5 e5 16. e4 f5 17. exf5 Rxf5 18. Qg3 Raf8 19. 0-0 Rf4 20. Rac1 d6 21. Qe3 h5 22. f3 h4 23. h3 Qe7 24. Ne4 Bxe4 25. fxe4 Rxf1+ 26. Rxf1 Rxf1+ 27. Kxf1 Qf7+ 28. Ke1 Qxc4 29. Kd2 Qf1 30. Qe2 Qf4+ 31. Kc2 Nd8 32. Qc4+ Kh7 33. Bd2 Qf6 34. Be3 Ne6 35. Bxa7 Qg6 36. Kb3 Nf4 37. a4 Qxg2 38. a5 Qxh3+ 39. Kb4 Qg2 40. a6 h3 41. Bb6 h2 42. a7 h1Q 43. a8Q Qxb2+ 44. Ka5 Qha1+ 45. Qa4 Qxa4+ 0-1

[Event "AUT-chT 2324"]
[Site "Austria"]
[Date "2023.11.24"]
[Round "3.2"]
[White "Heberla, Bartlomiej"]
[Black "Zilka, Stepan"]
[Result "1/2-1/2"]
[WhiteElo "2549"]
[BlackElo "2609"]
[PlyCount "101"]
[EventDate "2023.11.22"]
[EventType "team-tourn"]
[EventRounds "11"]
[EventCountry "AUT"]
[SourceTitle "CB48_2023"]
[SourceDate "2023.11.29"]
[SourceVersion "1"]
[SourceVersionDate "2023.11.29"]
[SourceQuality "1"]
[WhiteTeam "St Veit"]
[BlackTeam "Mistelbach"]
[WhiteTeamCountry "AUT"]
[BlackTeamCountry "AUT"]

1. Nf3 d5 2. e3 c5 3. b3 Nc6 4. Bb2 Nf6 5. Bb5 Bd7 6. 0-0 e6 7. d4 Rc8 8. a3 a6 9. Bd3 b5 10. c4 dxc4 11. bxc4 cxd4 12. exd4 bxc4 13. Bxc4 Nb8 14. Nbd2 Be7 15. Ne5 0-0 16. Qe2 Nd5 17. Ne4 Be8 18. Nc5 a5 19. Qg4 Nf6 20. Qh3 Nbd7 21. Rfd1 Nb6 22. Ba6 Rb8 23. Bc3 Na4 24. Be1 Qc7 25. Nxa4 Bxa4 26. Rdc1 Qd6 27. Bd3 Rfc8 28. Nc4 Qxd4 29. Bc3 Qg4 30. Bxh7+ Kh8 31. Qxg4 Nxg4 32. Bd3 Bc5 33. Be1 Bd4 34. Rab1 Rb3 35. Be2 Rxb1 36. Rxb1 Bc2 37. Rc1 Bf5 38. Rd1 Bc5 39. Nd6 Bxd6 40. Rxd6 Rc2 41. Rd2 Rc5 42. f3 Ne3 43. g4 Bg6 44. h4 Nd5 45. h5 Bc2 46. Bf2 Rc7 47. Bb5 a4 48. Rd4 Bb3 49. Bxa4 Bxa4 50. Rxa4 Rc3 51. Kg2 1/2-1/2

[Event "POL-chT Ekstraliga"]
[Site "Lublin"]
[Date "2023.09.26"]
[Round "9.1"]
[White "Mikrut, Dariusz"]
[Black "Heberla, Bartlomiej"]
[Result "0-1"]
[WhiteElo "2312"]
[BlackElo "2552"]
[PlyCount "134"]
[EventDate "2023.09.18"]
[EventType "team-tourn"]
[EventRounds "9"]
[EventCountry "POL"]
[SourceTitle "EXT 2024"]
[Source "ChessBase"]
[SourceDate "2023.10.10"]
[SourceVersion "1"]
[SourceVersionDate "2023.10.10"]
[SourceQuality "1"]
[WhiteTeam "Krakow Dwie Wieze"]
[BlackTeam "Bydgoszcz Energia Gwiazda"]
[WhiteTeamCountry "POL"]
[BlackTeamCountry "POL"]

1. d4 Nf6 2. Nf3 e6 3. Bf4 c5 4. e3 cxd4 5. exd4 b6 6. Nbd2 Be7 7. Bd3 Ba6 8. Bxa6 Nxa6 9. 0-0 0-0 10. Qe2 Nc7 11. Nc4 d6 12. Bg5 Qd7 13. Ne3 Rfe8 14. a4 h6 15. Bh4 Qc6 16. Bxf6 Bxf6 17. Rfe1 a6 18. c4 b5 19. Rec1 bxa4 20. Qc2 Qb6 21. Rxa4 Rec8 22. Qd2 Rab8 23. Rc2 Qc6 24. Ra5 Qe4 25. Ra3 Rb7 26. h3 Rcb8 27. Ng4 Be7 28. Re3 Qg6 29. Re1 Rb3 30. Ne3 Bf6 31. Qe2 h5 32. Kh1 a5 33. Ra1 Na6 34. Rxa5 Nb4 35. Rd2 Nd3 36. Rb5 R3xb5 37. cxb5 Nf4 38. Qc4 Qe4 39. Kh2 Qb7 40. d5 e5 41. g3 Ng6 42. Rc2 Qxb5 43. Kg2 h4 44. Qxb5 Rxb5 45. Nd2 hxg3 46. fxg3 Ne7 47. Ne4 Nxd5 48. Nxd5 Rxd5 49. Rc8+ Kh7 50. Rc7 Kg6 51. g4 Rd4 52. Kf3 d5 53. Nc3 e4+ 54. Ke2 Rd3 55. Rc5 d4 56. Nd5 Rf3 57. Rc6 d3+ 58. Kd2 Kg5 59. Rc5 Rf2+ 60. Ke1 Re2+ 61. Kd1 Bd4 62. Ra5 Kh4 63. Ra4 Be5 64. b3 Kg3 65. Ra7 f6 66. b4 Kf2 67. b5 e3 0-1

[Event "POL-chT Ekstraliga"]
[Site "Lublin"]
[Date "2023.09.24"]
[Round "7.1"]
[White "Pultinevicius, Paulius"]
[Black "Heberla, Bartlomiej"]
[Result "1-0"]
[WhiteElo "2572"]
[BlackElo "2552"]
[PlyCount "89"]
[EventDate "2023.09.18"]
[EventType "team-tourn"]
[EventRounds "9"]
[EventCountry "POL"]
[SourceTitle "EXT 2024"]
[Source "ChessBase"]
[SourceDate "2023.10.10"]
[SourceVersion "1"]
[SourceVersionDate "2023.10.10"]
[SourceQuality "1"]
[WhiteTeam "Plock Hetman"]
[BlackTeam "Bydgoszcz Energia Gwiazda"]
[WhiteTeamCountry "POL"]
[BlackTeamCountry "POL"]

1. d4 d5 2. c4 dxc4 3. e4 e5 4. Nf3 Bb4+ 5. Nc3 exd4 6. Nxd4 Ne7 7. Bxc4 Nbc6 8. Be3 0-0 9. 0-0 Nxd4 10. Bxd4 Nc6 11. Be3 Bxc3 12. bxc3 Qxd1 13. Rfxd1 Na5 14. Bd5 c6 15. Bb3 b6 16. f3 Nxb3 17. axb3 c5 18. Rd6 Be6 19. c4 Rfe8 20. g4 f6 21. Kf2 Kf7 22. Bf4 Ke7 23. Rc6 Rec8 24. Rc7+ Rxc7 25. Bxc7 a6 26. Bxb6 Kd6 27. Ra5 Rc8 28. Ba7 Rc6 29. Kg3 g6 30. f4 Bc8 31. Kh4 Bb7 32. g5 Kd7 33. gxf6 Rxf6 34. Kg5 Rf7 35. e5 Rf5+ 36. Kh6 Rxf4 37. Rxc5 Rh4+ 38. Kg7 Rxh2 39. Bb8 Ke6 40. Rc7 Be4 41. Rf7 Rh3 42. Rf6+ Ke7 43. Bd6+ Ke8 44. e6 Rf3 45. Rf7 1-0

[Event "POL-chT Ekstraliga"]
[Site "Lublin"]
[Date "2023.09.19"]
[Round "2.1"]
[White "Heberla, Bartlomiej"]
[Black "Gumularz, Szymon"]
[Result "1/2-1/2"]
[WhiteElo "2552"]
[BlackElo "2587"]
[PlyCount "56"]
[EventDate "2023.09.18"]
[EventType "team-tourn"]
[EventRounds "9"]
[EventCountry "POL"]
[SourceTitle "EXT 2024"]
[Source "ChessBase"]
[SourceDate "2023.10.10"]
[SourceVersion "1"]
[SourceVersionDate "2023.10.10"]
[SourceQuality "1"]
[WhiteTeam "Bydgoszcz Energia Gwiazda"]
[BlackTeam "Wroclaw Polonia"]
[WhiteTeamCountry "POL"]
[BlackTeamCountry "POL"]

1. e4 e5 2. Nf3 Nc6 3. d4 exd4 4. Nxd4 Nf6 5. Nxc6 bxc6 6. e5 Qe7 7. Qe2 Nd5 8. h4 Qe6 9. g3 d6 10. c4 Nb6 11. Bg2 dxe5 12. Nd2 Be7 13. b3 f5 14. Bb2 Bf6 15. g4 fxg4 16. Ne4 0-0 17. 0-0-0 Be7 18. Ng3 Rb8 19. Rd2 Bb4 20. Rc2 Nd7 21. h5 h6 22. Rd1 a5 23. Qe4 Bb7 24. Bf1 Rf4 25. Qg6 Rf6 26. Qe4 Rf4 27. Qg6 Rf6 28. Qe4 Rf4 1/2-1/2

[Event "Ustron op-A"]
[Site "Ustron"]
[Date "2023.08.16"]
[Round "6"]
[White "Hnydiuk, Aleksander"]
[Black "Heberla, Bartlomiej"]
[Result "1/2-1/2"]
[WhiteElo "2345"]
[BlackElo "2560"]
[PlyCount "79"]
[EventDate "2023.08.11"]
[EventType "swiss"]
[EventRounds "9"]
[EventCountry "POL"]
[SourceTitle "CBM 215 Extra"]
[Source "ChessBase"]
[SourceDate "2023.09.30"]
[SourceVersion "1"]
[SourceVersionDate "2023.09.30"]
[SourceQuality "1"]

1. Nf3 Nf6 2. c4 g6 3. d4 Bg7 4. g3 0-0 5. Bg2 d6 6. Nc3 c6 7. 0-0 Bf5 8. Ne1 e5 9. d5 cxd5 10. cxd5 a5 11. e4 Bd7 12. Nd3 Na6 13. f3 h5 14. Be3 h4 15. Qd2 hxg3 16. hxg3 Nb4 17. Nxb4 axb4 18. Ne2 Bb5 19. Rfe1 Nh5 20. g4 Bxe2 21. gxh5 Ba6 22. hxg6 Qh4 23. Qf2 Qh5 24. Qg3 Bh6 25. Bxh6 Qxh6 26. Bh3 fxg6 27. Rac1 Rf4 28. Be6+ Kh8 29. Kg2 Rh4 30. Qxh4 Qxh4 31. Rh1 Qxh1+ 32. Rxh1+ Kg7 33. Rc1 Kf6 34. Rc7 Kg5 35. Kg3 Rh8 36. Bc8 Be2 37. Bg4 b3 38. axb3 Ra8 39. Rxb7 Ra2 40. Bh3 1/2-1/2

[Event "Ustron op-A"]
[Site "Ustron"]
[Date "2023.08.12"]
[Round "2"]
[White "Godzwon, Iwo"]
[Black "Heberla, Bartlomiej"]
[Result "0-1"]
[WhiteElo "2402"]
[BlackElo "2560"]
[PlyCount "96"]
[EventDate "2023.08.11"]
[EventType "swiss"]
[EventRounds "9"]
[EventCountry "POL"]
[SourceTitle "CBM 215 Extra"]
[Source "ChessBase"]
[SourceDate "2023.09.30"]
[SourceVersion "1"]
[SourceVersionDate "2023.09.30"]
[SourceQuality "1"]

1. e4 e6 2. d4 d5 3. Nd2 c5 4. Ngf3 Nc6 5. exd5 exd5 6. Bb5 Qe7+ 7. Be2 Qc7 8. dxc5 Bxc5 9. Nb3 Be7 10. 0-0 Nf6 11. c3 0-0 12. Bg5 Rd8 13. Nbd4 h6 14. Bh4 Ne4 15. Bxe7 Qxe7 16. h3 Qf6 17. Bd3 Ng5 18. Nxg5 Qxg5 19. Qc1 Nxd4 20. cxd4 Qf6 21. Qd2 Bf5 22. Bxf5 Qxf5 23. Rac1 Rac8 24. Qb4 b6 25. Rfe1 Rxc1 26. Rxc1 Qf4 27. Re1 Rc8 28. Qa4 Kh7 29. Qxa7 Rc2 30. Rf1 Rxb2 31. Qd7 Rxa2 32. Qxd5 Rd2 33. Qb3 Qf6 34. d5 g6 35. g3 Kg7 36. Qc4 Qb2 37. Qe4 b5 38. d6 Qc3 39. Rb1 Qc5 40. Qe3 Qd5 41. Qb3 Qd4 42. Qf3 Rd3 43. Qf4 Qc5 44. Qb4 Rxg3+ 45. Kf1 Qf5 46. Qd4+ Kh7 47. Ke2 Qc2+ 48. Qd2 Qc4+ 0-1

[Event "Warsaw Maciei Memorial"]
[Site "Warsaw"]
[Date "2023.07.10"]
[Round "7"]
[White "Heberla, Bartlomiej"]
[Black "Malek, Jan"]
[Result "1/2-1/2"]
[WhiteElo "2560"]
[BlackElo "2384"]
[PlyCount "145"]
[EventDate "2023.07.10"]
[EventType "swiss (blitz)"]
[EventRounds "11"]
[EventCountry "POL"]
[SourceTitle "CBM 215 Extra"]
[Source "ChessBase"]
[SourceDate "2023.09.30"]
[SourceVersion "1"]
[SourceVersionDate "2023.09.30"]
[SourceQuality "1"]

1. d4 Nf6 2. Nf3 d5 3. c4 e6 4. e3 Be7 5. b3 0-0 6. Bd3 c5 7. cxd5 Nxd5 8. Bb2 Nc6 9. dxc5 Ndb4 10. Be4 Qxd1+ 11. Kxd1 Rd8+ 12. Ke2 f5 13. Bxc6 bxc6 14. Na3 Ba6+ 15. Nc4 Nd3 16. Bc3 Nxc5 17. Rhd1 Ne4 18. Ba5 Rd5 19. Be1 Bf6 20. Rac1 Rad8 21. Nd4 Bxd4 22. Rxd4 Rxd4 23. exd4 Rxd4 24. Ke3 Rd5 25. f3 Nc5 26. Nb2 Bb7 27. Bb4 Nd7 28. Nc4 c5 29. Bc3 Nb6 30. Nxb6 axb6 31. Rc2 e5 32. Rd2 f4+ 33. Ke2 Rxd2+ 34. Kxd2 e4 35. Ke2 exf3+ 36. gxf3 Kf7 37. Be5 g5 38. Bc7 b5 39. Bd6 c4 40. bxc4 bxc4 41. a4 Ke6 42. Bb4 h5 43. h3 Kf5 44. Bc3 g4 45. fxg4+ hxg4 46. hxg4+ Kxg4 47. Kf2 Kf5 48. a5 Ke4 49. Ke2 Bc8 50. Be1 Ba6 51. Bc3 Bb5 52. Be1 c3+ 53. Kd1 Kd3 54. Kc1 f3 55. Bf2 Kc4 56. Be1 Kb3 57. Bf2 Ba6 58. Be1 Bd3 59. Bf2 Kc4 60. a6 Kb3 61. a7 Be4 62. Be1 Kc4 63. Bf2 Kd3 64. Bb6 Kc4 65. Bf2 Kd3 66. Bb6 Ba8 67. Bf2 Ke2 68. Bd4 Be4 69. Bb6 f2 70. Bxf2 Kxf2 71. a8R Bxa8 72. Kc2 Be4+ 73. Kxc3 1/2-1/2

[Event "BL2-Nord 2223"]
[Site "Germany"]
[Date "2023.02.26"]
[Round "8.1"]
[White "Heberla, Bartlomiej"]
[Black "Ostrovskiy, Andrey"]
[Result "1/2-1/2"]
[WhiteElo "2562"]
[BlackElo "2418"]
[PlyCount "31"]
[EventDate "2022.10.22"]
[EventType "team-tourn"]
[EventRounds "10"]
[EventCountry "GER"]
[SourceTitle "EXT 2024"]
[Source "ChessBase"]
[SourceDate "2023.10.10"]
[SourceVersion "1"]
[SourceVersionDate "2023.10.10"]
[SourceQuality "1"]
[WhiteTeam "Ruedersdorf Glueckauf"]
[BlackTeam "Norderstedt"]
[WhiteTeamCountry "GER"]
[BlackTeamCountry "GER"]

1. e4 e5 2. Nf3 Nc6 3. Nc3 Nf6 4. d4 exd4 5. Nxd4 Bb4 6. Nxc6 bxc6 7. Bd3 0-0 8. 0-0 d5 9. exd5 cxd5 10. h3 Rb8 11. Be3 a5 12. Na4 Re8 13. c3 Bd6 14. Qc2 Ne4 15. Rfe1 Bd7 16. Rad1 1/2-1/2